[Event "GER-ch53 V06 email"]
[Site "GER email"]
[Date "2021.04.21"]
[Round "?"]
[White "Roeckendorf, Paul Uwe"]
[Black "Langer, Raimund"]
[Result "1/2-1/2"]
[WhiteElo "2073"]
[BlackElo "2185"]
[PlyCount "48"]
[EventDate "2021.04.21"]
[EventType "tourn (corr)"]
[EventRounds "10"]
[EventCountry "GER"]
[SourceTitle "Corr 2024"]
[Source "ChessBase"]
[SourceDate "2023.10.19"]
[SourceVersion "1"]
[SourceVersionDate "2023.10.19"]
[SourceQuality "1"]

1. e4 e5 2. Nf3 Nc6 3. Bb5 a6 4. Ba4 Nf6 5. 0-0 Be7 6. Qe1 b5 7. Bb3 d6 8. c3 0-0 9. d4 Bg4 10. Nbd2 exd4 11. h3 dxc3 12. hxg4 cxd2 13. Bxd2 h6 14. g5 hxg5 15. Rc1 Qd7 16. Bxg5 Rae8 17. Qc3 Nxe4 18. Qxc6 Qxc6 19. Rxc6 Nxg5 20. Nxg5 Bxg5 21. Rxc7 Bf6 22. Rd1 Bxb2 23. g3 Ba3 24. Rd3 Re5 1/2-1/2

[Event "GER-ch52 V08 email"]
[Site "GER email"]
[Date "2020.04.16"]
[Round "?"]
[White "Krauss, Heiko"]
[Black "Roeckendorf, Paul Uwe"]
[Result "1-0"]
[WhiteElo "2408"]
[BlackElo "2315"]
[PlyCount "113"]
[EventDate "2020.??.??"]
[EventType "tourn (corr)"]
[EventRounds "10"]
[EventCountry "GER"]
[SourceTitle "Corr 2022"]
[Source "ChessBase"]
[SourceDate "2021.10.24"]
[SourceVersion "1"]
[SourceVersionDate "2021.10.24"]
[SourceQuality "1"]

1. e4 e5 2. Nf3 Nc6 3. Bb5 a6 4. Ba4 Nf6 5. 0-0 b5 6. Bb3 d6 7. c3 Be7 8. h3 0-0 9. d4 Bb7 10. Re1 Re8 11. Nbd2 exd4 12. cxd4 Nd7 13. Nf1 Na5 14. Bc2 Bf6 15. Rb1 c5 16. d5 Nc4 17. N3h2 Bc8 18. Ng3 Be5 19. Ne2 g6 20. b3 Ncb6 21. Bh6 b4 22. f4 Bg7 23. Bxg7 Kxg7 24. Ng3 a5 25. Qd2 a4 26. Nf3 Qf6 27. Rbc1 Bb7 28. h4 axb3 29. axb3 Kg8 30. h5 Ra2 31. h6 Qe7 32. Nf1 Qd8 33. Ng5 Nf6 34. Qf2 Nbd7 35. Ra1 Ra3 36. Ne3 Ba6 37. Rad1 Bb5 38. e5 dxe5 39. d6 Ra2 40. f5 c4 41. Qh4 Qb6 42. Bb1 Rb2 43. bxc4 Bc6 44. Be4 Bxe4 45. Nxe4 Nxe4 46. Qxe4 Ra2 47. Kh2 Rf2 48. Qh4 Rf4 49. Qh3 Qd8 50. Nd5 Rxf5 51. Kg1 b3 52. Ne7+ Rxe7 53. dxe7 Qxe7 54. Qxb3 Qh4 55. Rf1 Rxf1+ 56. Rxf1 Qd4+ 57. Kh2 1-0

[Event "GER-ch52 V08 email"]
[Site "GER email"]
[Date "2020.04.16"]
[Round "?"]
[White "Loeffler, Werner"]
[Black "Roeckendorf, Paul Uwe"]
[Result "1/2-1/2"]
[WhiteElo "2420"]
[BlackElo "2315"]
[PlyCount "99"]
[EventDate "2020.??.??"]
[EventType "tourn (corr)"]
[EventRounds "10"]
[EventCountry "GER"]
[SourceTitle "Corr 2022"]
[Source "ChessBase"]
[SourceDate "2021.10.24"]
[SourceVersion "1"]
[SourceVersionDate "2021.10.24"]
[SourceQuality "1"]

1. d4 d5 2. c4 c6 3. Nf3 Nf6 4. e3 Nbd7 5. Nbd2 b6 6. Bd3 Bb7 7. 0-0 e6 8. e4 dxe4 9. Nxe4 Qc7 10. Bd2 Be7 11. Re1 0-0 12. Nxf6+ Bxf6 13. Ng5 h6 14. Nh7 Rfd8 15. Qg4 Bxd4 16. Qxd4 Ne5 17. Nf6+ gxf6 18. Qh4 Rxd3 19. Bxh6 Qd8 20. Rxe5 f5 21. Bg5 Qd4 22. Qh6 Rd1+ 23. Re1 Rxe1+ 24. Rxe1 Qg7 25. Qh4 c5 26. Qg3 Ba6 27. Re3 Bxc4 28. a3 Bd5 29. h3 f6 30. Bxf6 Qxg3 31. Rxg3+ Kf7 32. Be5 Rg8 33. Rxg8 Kxg8 34. f3 b5 35. b4 cxb4 36. axb4 Kh7 37. Kf2 Kh6 38. g4 a6 39. h4 Bc4 40. Kg3 Be2 41. Kf4 Bc4 42. h5 fxg4 43. fxg4 Be2 44. Bd4 Bd1 45. Bf6 Kh7 46. Kg5 Bf3 47. Kh4 Bd5 48. g5 Be4 49. Be5 Bb1 50. g6+ 1/2-1/2

[Event "GER-ch51 V07 email"]
[Site "GER email"]
[Date "2019.04.14"]
[Round "?"]
[White "Roeckendorf, Paul Uwe"]
[Black "Stieger, Helmut"]
[Result "1/2-1/2"]
[WhiteElo "2324"]
[BlackElo "2375"]
[PlyCount "57"]
[EventDate "2019.??.??"]
[EventType "tourn (corr)"]
[EventRounds "10"]
[EventCountry "GER"]
[SourceTitle "Corr 2022"]
[Source "ChessBase"]
[SourceDate "2021.10.24"]
[SourceVersion "1"]
[SourceVersionDate "2021.10.24"]
[SourceQuality "1"]

1. e4 Nf6 2. e5 Nd5 3. d4 d6 4. Nf3 dxe5 5. Nxe5 c6 6. Be2 Bf5 7. 0-0 Nd7 8. Nf3 e6 9. c4 N5f6 10. Nh4 Bxb1 11. Rxb1 Bd6 12. Qc2 0-0 13. b4 Re8 14. Rd1 Bf8 15. Bd2 e5 16. dxe5 Nxe5 17. Nf3 Qe7 18. Re1 Qd7 19. Nxe5 Rxe5 20. Rbd1 Re6 21. Bc3 Qe7 22. Bd3 Re8 23. Rxe6 Qxe6 24. Re1 Qc8 25. Rb1 Qe6 26. Bxf6 gxf6 27. Bxh7+ Kg7 28. g3 Bxb4 29. Kg2 1/2-1/2

[Event "GER-ch50 V02 email"]
[Site "GER email"]
[Date "2018.05.15"]
[Round "?"]
[White "Roeckendorf, Paul Uwe"]
[Black "Wolf, Wolfgang"]
[Result "1/2-1/2"]
[WhiteElo "2309"]
[BlackElo "2307"]
[PlyCount "56"]
[EventDate "2018.??.??"]
[EventType "tourn (corr)"]
[EventRounds "10"]
[EventCountry "GER"]
[SourceTitle "Corr 2020"]
[Source "ChessBase"]
[SourceDate "2019.09.30"]
[SourceVersion "1"]
[SourceVersionDate "2019.09.30"]
[SourceQuality "1"]

1. e4 e5 2. Nf3 Nc6 3. Bb5 a6 4. Ba4 Nf6 5. d3 b5 6. Bb3 Be7 7. 0-0 d6 8. a4 Bd7 9. h3 0-0 10. Bd2 h6 11. Re1 b4 12. c3 Rb8 13. a5 Qc8 14. Be3 bxc3 15. bxc3 Be6 16. Bc2 Rd8 17. Qe2 d5 18. Ba4 Nxa5 19. Nxe5 Bd6 20. Nc6 Nxc6 21. Bxc6 Bd7 22. exd5 Bxh3 23. Nd2 Bg4 24. Qf1 Qf5 25. Nc4 Nxd5 26. Ba7 Bf4 27. Bxd5 Qh5 28. f3 Qh2+ 1/2-1/2

[Event "GER MS-276 email"]
[Site "GER email"]
[Date "2018.01.11"]
[Round "?"]
[White "Herzog, Klaus"]
[Black "Roeckendorf, Paul Uwe"]
[Result "0-1"]
[WhiteElo "1960"]
[BlackElo "2058"]
[PlyCount "68"]
[EventDate "2018.01.22"]
[EventType "tourn (corr)"]
[EventRounds "6"]
[EventCountry "GER"]
[SourceTitle "Corr 2020"]
[Source "ChessBase"]
[SourceDate "2019.09.30"]
[SourceVersion "1"]
[SourceVersionDate "2019.09.30"]
[SourceQuality "1"]

1. e4 e5 2. Nf3 Nc6 3. Nc3 Nf6 4. g3 Bc5 5. Bg2 d6 6. d3 a6 7. 0-0 Be6 8. Bg5 h6 9. Bxf6 Qxf6 10. Nd5 Qd8 11. c3 Ba7 12. Ne3 Bxe3 13. fxe3 Ne7 14. Nh4 0-0 15. d4 Kh7 16. d5 Bc8 17. Qh5 g6 18. Qe2 b5 19. b3 Kg7 20. c4 bxc4 21. Qxc4 Bd7 22. Rf2 Qb8 23. Rc1 a5 24. a4 Ra7 25. Rc3 c6 26. dxc6 Rc7 27. Qb5 Rxc6 28. Qxa5 Rxc3 29. Qxc3 Rc8 30. Qd2 Be6 31. a5 Qxb3 32. g4 Rc3 33. Qxd6 Rc1+ 34. Bf1 Nc6 0-1